00353nam a22001337a 450000500170000001000130001703500130003003700270004308200080007010000320007824500610011026000270017130000210019820190513150653.0 aB-088694 aB-088694 bHindi Sahitya Niketan. a881 aAgrawal, Acharya Om Prakash aDivyalok the light divine /cAcharya Om Prakash Agrawal. bHindi Sahitya Niketan. a128pc22cm (hbk)